| 000 | 00743nam 22002413 4500 | ||
|---|---|---|---|
| 001 | 189394 | ||
| 010 | _a978-989-702-042-1 | ||
| 021 |
_aPT _b338491/12 |
||
| 090 | _a189394 | ||
| 100 | _a20240503d u||y0pory50 ba | ||
| 101 | _apor | ||
| 200 |
_aAinda Sonho Contigo _fFannie Flagg _gTradução de Rosário Valadas Vieira; Revisão de Patrícia Rosas |
||
| 205 | _a1ª | ||
| 210 |
_aLisboa _cGuerra e Paz Editores _d2012 |
||
| 215 |
_a325, [3] p. _cBrochado _d23 cm |
||
| 225 |
_aClube do Livro SIC _v10 |
||
| 300 | _aRomance | ||
| 606 |
_916 _aLiteratura Americana |
||
| 675 |
_a821.111(73)-31/FLA/AIN _vPT _zpor |
||
| 700 |
_96863 _aFlagg _bFannie _f1944- |
||
| 801 |
_aPT _bBMMN _gRPC |
||
| 830 |
_cCarlos Pinto _d03-05-2024 _fCarlos Pinto |
||
| 990 | _cLIVROS | ||